000 01006nam a22002657a 4500
001 7607
003 FISKH
005 20250728083042.0
008 250728b cb ||||| |||| 00| 0 eng d
020 _a9780312509354
040 _aFISKH
_beng
_cFISKH
_dFISKH
050 _aPZ7
082 _a625.26
100 _aPriddy, Roger
245 _aNoisy trains /
260 _aNew York :
_bPriddy Books,
_c2010.
300 _a10 unnumbered pages :
_bcolor illustrations ;
_c20 cm
505 _aC
520 _aPages feature bright illustrations of favourite tractors and trains, with simple text to listen to or read. Each book has an integral sound button for little fingers to press, so that children can hear sounds like the tractor's engine or the train's whistle. Encourage speaking skills, help to develop hand-eye coordination and build early vocabulary.
521 8 _a40
_bLexile estimate
521 8 _aC
_bRaz-Plus
650 _aTrains
_vNoisy
942 _2ddc
_cBK
_n0
999 _c7607
_d7607